00581nam a22002057a 450000500170000001000130001702000220003003500130005203700160006504000120008108200180009310000190011124500460013026000380017627000550021430000210026950000190029065000160030965000500032520170124110214.0 aA-710227 c80.00a8120202260 aA-710227 bCen Lib/Ret aDPLbEN a954.0841bGHO aGhosh, Oroon K aHow India won freedom /cby Oroon K Ghosh aDelhi bAjanta Publicationsc1989 a1, UB, Jawahar Nagar, Bungalow RoadbDelhie110007 a115p. c21cm(Hb) aIncludes index aNationalism aIndia -- Politics and government -- 1765-1947